LIBRARY & INFORMATION CENTRE, KCAET, TAVANUR

ONLINE PUBLIC ACCESS CATALOGUE (OPAC)

Pre university botany / (Record no. 9619)

MARC details
000 -LEADER
fixed length control field 00415cam a2200181ua 4500
041 ## - LANGUAGE CODE
Language code of text/sound track or separate title eng
082 ## - DEWEY DECIMAL CLASSIFICATION NUMBER
Classification number 581
Item number RAO/PR
100 ## - MAIN ENTRY--AUTHOR NAME
Personal name Rao, K N .
245 ## - TITLE STATEMENT
Title Pre university botany /
250 ## - EDITION STATEMENT
Edition statement 1 /
260 ## - PUBLICATION, DISTRIBUTION, ETC. (IMPRINT)
Place of publication Madras :
Name of publisher Central Art press ,
Year of publication 1963.
300 ## - PHYSICAL DESCRIPTION
Number of Pages 242 ; .
942 ## - ADDED ENTRY ELEMENTS (KOHA)
Koha item type Books
Holdings
Withdrawn status Lost status Damaged status Home library Current library Date acquired Cost, normal purchase price Full call number Accession Number Koha item type
Withdrawn     KAUAET KAUAET 07/04/2012 3.00 581 RAO/PR 7364 Books
free website counter